Tennis féminin: championnes des tournois de 2022 - Statistiques

Statistiques générales
  • Ce quiz a été pris 149 fois
  • Le résultat moyen est 27 sur 55
Statistiques - réponses
Hint Réponse % Correct
Doha Iga Swiatek
98%
Indian Wells Iga Swiatek
98%
Miami Iga Swiatek
98%
Stuttgart Iga Swiatek
98%
Rome Iga Swiatek
98%
Roland-Garros Iga Swiatek
98%
US Open Iga Swiatek
98%
San Diego Iga Swiatek
98%
Bad Homburg Caroline Garcia
89%
Varsovie Caroline Garcia
89%
Cincinnati Caroline Garcia
89%
WTA Finals Caroline Garcia
89%
Wimbledon Elena Rybakina
81%
Madrid Ons Jabeur
74%
Berlin Ons Jabeur
74%
Adelaïde 1 Ashleigh Barty
73%
Open d'Australie Ashleigh Barty
73%
Guadalajara Jessica Pegula
68%
Eastbourne Petra Kvitova
56%
Melbourne 1 Simona Halep
56%
Toronto Simona Halep
56%
Sydney Paula Badosa
51%
Dubaï Jelena Ostapenko
48%
San José Daria Kasatkina
46%
Granby Daria Kasatkina
46%
Tallin Barbora Krejcikova
44%
Ostrava Barbora Krejcikova
44%
Charleston Belinda Bencic
41%
Adelaïde 2 Madison Keys
39%
Guadalajara Sloane Stephens
36%
Strasbourg Angelique Kerber
32%
Saint-Pétersbourg Anett Kontaveit
31%
Monastir Elise Mertens
31%
Monterrey Leylah Fernandez
31%
Nottingham Beatriz Haddad Maia
30%
Birmingham Beatriz Haddad Maia
30%
Washington Liudmila Samsonova
30%
Cleveland Liudmila Samsonova
30%
Tokyo Liudmila Samsonova
30%
Bois-le-Duc Ekaterina Alexandrova
27%
Seoul Ekaterina Alexandrova
27%
Bogota Tatjana Maria
21%
Lausanne Petra Martic
19%
Melbourne 2 Amanda Anisimova
17%
Prague Marie Bouzkova
17%
Istanbul Anastasia Potapova
16%
Rabat Martina Trevisan
16%
Palerme Irina-Camelia Begu
14%
Portoroz Katerina Siniakova
13%
Budapest Bernarda Pera
12%
Hambourg Bernarda Pera
12%
Parme Mayar Sherif
11%
Lyon Zhang Shuai
10%
Chennai Linda Fruhvirtova
6%
Cluj-Napoca Anna Blinkova
5%
Aucun quiz correspondant
Distribution des résultats
% des personnes avec chaque résultat
Percentile par nombre de réponses
Votre historique - résultats
Vous n’avez pas pris ce quiz